Marketingová komunikácia v strategickom riadiacom procese dizertačná práca

Salvato in:
Dettagli Bibliografici
Autore principale: Bilohuščinová, Denisa
Ente Autore: Podnikovohospodárska fakulta EU so sídlom v Košiciach. Katedra marketingu a obchodu
Altri autori: Lieskovská, Vanda, 1961-
Natura: Libro
Lingua:slovacco
Pubblicazione: Košice 2013
Soggetti:
Tags: Aggiungi Tag
Nessun Tag, puoi essere il primo ad aggiungerne!!

MARC

LEADER 00000nbm a2200000 4500
001 0176120
005 20240502073014.0
041 0 |a slo 
044 |a SK 
245 1 0 |a Marketingová komunikácia v strategickom riadiacom procese  |b dizertačná práca  |c Denisa Bilohuščinová ; školiteľ: Vanda Lieskovská 
264 1 |a Košice  |c 2013 
300 |a 124 s. 
610 2 0 |a komunikácia marketingová 
610 2 0 |a riadenie strategické 
610 2 0 |a výrobky 
610 2 0 |a maloobchod 
610 2 0 |a spotrebitelia 
100 1 |a Bilohuščinová, Denisa 
700 1 |a Lieskovská, Vanda, 1961- 
710 2 |a Podnikovohospodárska fakulta EU so sídlom v Košiciach. Katedra marketingu a obchodu